000
00310nam a22001217a 4500
003
SGT
082
_a
610.73677
_b
C16I
100
_a
IGNATAVICIAS, DONNA D.
245
_a
CLINICAL NURSING JUDGMENT STUDY GUIDE MEDICAL SURGICAL NURSING
260
_a
INDIA
_b
ELSEVIER
_c
2016
300
_a
571
942
_2
ddc
_c
BK
_0
4
999
_c
15110
_d
15110